Hindu speaks on scientific facts Vol.2 (Record no. 106902)

MARC details
000 -LEADER
fixed length control field 00345nam a2200133Ia 4500
008 - FIXED-LENGTH DATA ELEMENTS--GENERAL INFORMATION
fixed length control field 210210b2004 xxu||||| |||| 00| 0 eng d
082 ## - DEWEY DECIMAL CLASSIFICATION NUMBER
Classification number 502 HINH
100 ## - MAIN ENTRY--PERSONAL NAME
Personal name HINDU.
245 ## - TITLE STATEMENT
Title Hindu speaks on scientific facts Vol.2
260 ## - PUBLICATION, DISTRIBUTION, ETC.
Place of publication, distribution, etc. Chennai
Name of publisher, distributor, etc. Kasturi and Sons Limited
Date of publication, distribution, etc. 2004
300 ## - PHYSICAL DESCRIPTION
Extent xiv,328
690 ## - LOCAL SUBJECT ADDED ENTRY--TOPICAL TERM (OCLC, RLIN)
Topical term or geographic name as entry element Pure Sciences
906 ## - LOCAL DATA ELEMENT F, LDF (RLIN)
a 059888
Holdings
Withdrawn status Lost status Damaged status Not for loan Collection code Home library Current library Shelving location Date acquired Source of acquisition Cost, normal purchase price Total Checkouts Full call number Barcode Date last seen Price effective from Koha item type
          St Aloysius Library St Aloysius Library   02/17/2021 Higginbothams (P) Ltd., Mangalore 01. 100.00   502 HINH 059888 02/17/2021 02/17/2021 Book